La conversión de la comunidad hebrea de Maqueda en el siglo XV / (Record no. 40691)

MARC details
000 -LEADER
campo de control de longitud fija 00665nam a2200205 i 4500
001 - NÚMERO DE CONTROL
campo de control 40691
003 - IDENTIFICADOR DE NÚMERO DE CONTROL
campo de control ES-MaACL
005 - FECHA Y HORA DE LA ÚLTIMA TRANSACCIÓN
campo de control 20230906160306.0
007 - CAMPO FIJO DE DESCRIPCIÓN FÍSICA--INFORMACIÓN GENERAL
campo de control de longitud fija t|
008 - DATOS DE LONGITUD FIJA--INFORMACIÓN GENERAL
campo de control de longitud fija 030306s1972 sp ||||1| spa d
080 ## - NÚMERO DE LA CLASIFICACIÓN DECIMAL UNIVERSAL
Número de la Clasificación Decimal Universal 9(=924:464.2 Maqueda)"14"
100 1# - ENTRADA PRINCIPAL--NOMBRE DE PERSONA
Nombre de persona Carrete Parrondo, Carlos.
9 (RLIN) 35709
245 13 - MENCIÓN DEL TÍTULO
Título La conversión de la comunidad hebrea de Maqueda en el siglo XV /
Mención de responsabilidad, etc. Carlos Carrete Parrondo.
260 ## - PUBLICACIÓN, DISTRIBUCIÓN, ETC.
Lugar de publicación, distribución, etc. [Madrid] :
Nombre del editor, distribuidor, etc. Instituto Arias Montano,
Fecha de publicación, distribución, etc. 1972.
300 ## - DESCRIPCIÓN FÍSICA
Extensión 7 p. ;
Dimensiones 24 cm.
595 ## -
-- Separata de: Sefarad, v. 32
650 #4 - PUNTO DE ACCESO ADICIONAL DE MATERIA--TÉRMINO DE MATERIA
Término de materia o nombre geográfico como elemento de entrada Judíos-
Subdivisión geográfica Toledo (Provincia)
9 (RLIN) 174499
710 2# - ENTRADA AGREGADA--NOMBRE DE ENTIDAD CORPORATIVA
Nombre de entidad corporativa o nombre de jurisdicción como elemento de entrada Instituto "Arias Montano"
9 (RLIN) 4797
852 4# - LOCALIZACIÓN
Ubicación ES-MaACL
Número de control de estantería 2084-F-32
Holdings
Estatus retirado Estado de pérdida Estado de daño No para préstamo Colección Biblioteca de origen Biblioteca actual Ubicación en estantería Fecha de adquisición Fuente de adquisición Total de préstamos Signatura topográfica completa Código de barras Visto por última vez Precio de reemplazo Tipo de ítem Koha
        Colección de folletos Biblioteca del Ateneo de Madrid Biblioteca del Ateneo de Madrid Depósito folletos 17/01/2008     2084-F-32 1042840 23/02/2023 23/02/2023 Folleto